[Event "CP-2016-P-00013"]
[Site "LSS email"]
[Date "2016.09.27"]
[Round "?"]
[White "Kele, Karoly"]
[Black "Smetana, Jan"]
[Result "1-0"]
[WhiteElo "2035"]
[BlackElo "1553"]
[PlyCount "31"]
[EventDate "2016.10.01"]
[EventType "tourn (corr)"]
[EventRounds "6"]
[EventCountry "GER"]
[SourceTitle "Corr 2022"]
[Source "ChessBase"]
[SourceDate "2021.10.24"]
[SourceVersion "1"]
[SourceVersionDate "2021.10.24"]
[SourceQuality "1"]

1. c4 d5 2. Nf3 d4 3. g3 c5 4. Bg2 Nc6 5. d3 e5 6. 0-0 Nf6 7. e3 Be7 8. exd4 exd4 9. Bf4 0-0 10. Ne5 Nxe5 11. Bxe5 Ng4 12. Bf4 Bd6 13. Bxd6 Qxd6 14. Nd2 Ne5 15. Ne4 Qc7 16. h3 1-0

[Event "CP-2016-P-00013"]
[Site "LSS email"]
[Date "2016.09.27"]
[Round "?"]
[White "Smetana, Jan"]
[Black "Sandocal, Uzmir"]
[Result "0-1"]
[WhiteElo "1553"]
[BlackElo "1749"]
[PlyCount "26"]
[EventDate "2016.10.01"]
[EventType "tourn (corr)"]
[EventRounds "6"]
[EventCountry "GER"]
[SourceTitle "Corr 2022"]
[Source "ChessBase"]
[SourceDate "2021.10.24"]
[SourceVersion "1"]
[SourceVersionDate "2021.10.24"]
[SourceQuality "1"]

1. c4 Nf6 2. d4 g6 3. Nc3 d5 4. cxd5 Nxd5 5. e4 Nxc3 6. bxc3 Bg7 7. Bc4 0-0 8. Ne2 c5 9. Be3 Qc7 10. Rc1 Nd7 11. 0-0 Nb6 12. Bd3 Rd8 13. Qd2 e6 0-1

[Event "LSS No Engine Cup 158 Preliminary 0"]
[Site "LSS email"]
[Date "2016.08.27"]
[Round "?"]
[White "Smetana, Jan"]
[Black "Ruzicka, Richard"]
[Result "0-1"]
[WhiteElo "1551"]
[BlackElo "1507"]
[PlyCount "30"]
[EventDate "2016.08.28"]
[EventType "tourn (corr)"]
[EventRounds "6"]
[EventCountry "GER"]
[SourceTitle "Corr 2022"]
[Source "ChessBase"]
[SourceDate "2021.10.24"]
[SourceVersion "1"]
[SourceVersionDate "2021.10.24"]
[SourceQuality "1"]

1. c4 Nf6 2. Nc3 e6 3. d4 Bb4 4. Qc2 0-0 5. Bd2 d5 6. e3 b6 7. Nf3 Bb7 8. cxd5 exd5 9. Bd3 a6 10. 0-0 Bd6 11. Rfe1 Nbd7 12. e4 dxe4 13. Nxe4 Nxe4 14. Bxe4 Bxe4 15. Qxe4 Nf6 0-1

[Event "RE-2016-0-00173"]
[Site "LSS email"]
[Date "2016.07.14"]
[Round "?"]
[White "Smetana, Jan"]
[Black "Chura, Michal"]
[Result "1-0"]
[WhiteElo "1501"]
[BlackElo "1534"]
[PlyCount "43"]
[EventDate "2016.05.12"]
[EventType "tourn (corr)"]
[EventRounds "6"]
[EventCountry "GER"]
[SourceTitle "Corr 2022"]
[Source "ChessBase"]
[SourceDate "2021.10.24"]
[SourceVersion "1"]
[SourceVersionDate "2021.10.24"]
[SourceQuality "1"]

1. c4 Nf6 2. Nc3 e6 3. Nf3 Bb4 4. Qc2 b6 5. g3 Bb7 6. Bg2 0-0 7. 0-0 Na6 8. d4 d5 9. cxd5 Nxd5 10. a3 Be7 11. Nxd5 Bxd5 12. e4 Bb7 13. Bf4 c5 14. Rfd1 Rc8 15. dxc5 Rxc5 16. Rxd8 Rxc2 17. Rd7 Bc5 18. Rxb7 Rxf2 19. Kh1 h6 20. Rxa7 Nb8 21. b4 Be7 22. Rxe7 1-0

[Event "LSS No Engine Cup 155 Preliminary 0"]
[Site "LSS email"]
[Date "2016.06.14"]
[Round "?"]
[White "Smetana, Jan"]
[Black "Pehl, Ferenc"]
[Result "1-0"]
[WhiteElo "1486"]
[BlackElo "1193"]
[PlyCount "47"]
[EventDate "2016.06.15"]
[EventType "tourn (corr)"]
[EventRounds "6"]
[EventCountry "GER"]
[SourceTitle "Corr 2022"]
[Source "ChessBase"]
[SourceDate "2021.10.24"]
[SourceVersion "1"]
[SourceVersionDate "2021.10.24"]
[SourceQuality "1"]

1. c4 d5 2. cxd5 Qxd5 3. Nc3 Qd8 4. d4 e6 5. Nf3 Nc6 6. e4 Nf6 7. Bb5 Bd7 8. 0-0 Bb4 9. e5 Nd5 10. Nxd5 exd5 11. Qb3 Be7 12. Qxd5 0-0 13. Qe4 a6 14. Bd3 g6 15. Bh6 Re8 16. Bc4 Bf5 17. Qf4 Na5 18. Bxf7+ Kxf7 19. g4 Ke6 20. gxf5+ gxf5 21. d5+ Qxd5 22. Nd4+ Kd7 23. Qxf5+ Kd8 24. Ne6+ 1-0

[Event "LSS No Engine Cup 150 Preliminary 0"]
[Site "LSS email"]
[Date "2016.03.14"]
[Round "?"]
[White "Smetana, Jan"]
[Black "Liles, Chris"]
[Result "1-0"]
[WhiteElo "1451"]
[BlackElo "1161"]
[PlyCount "75"]
[EventDate "2016.03.15"]
[EventType "tourn (corr)"]
[EventRounds "6"]
[EventCountry "GER"]
[SourceTitle "Corr 2022"]
[Source "ChessBase"]
[SourceDate "2021.10.24"]
[SourceVersion "1"]
[SourceVersionDate "2021.10.24"]
[SourceQuality "1"]

1. c4 Nf6 2. Nc3 e6 3. Nf3 d5 4. cxd5 exd5 5. d4 c5 6. Bg5 Nbd7 7. Nxd5 h6 8. Nxf6+ gxf6 9. Bd2 Qc7 10. Rc1 c4 11. e3 Nb6 12. b3 Ba3 13. Rc3 Bb4 14. Rc2 c3 15. Bc1 Bf5 16. Bd3 Bxd3 17. Qxd3 0-0-0 18. a3 Nd5 19. e4 Nf4 20. Bxf4 Qxf4 21. axb4 Kb8 22. Rxc3 Rhe8 23. 0-0 Rg8 24. g3 Qg4 25. Rc5 Qe6 26. d5 Qd6 27. Nd4 Rc8 28. Nf5 Qd7 29. Rfc1 h5 30. Rxc8+ Rxc8 31. Rxc8+ Qxc8 32. Qc4 Qf8 33. d6 Qd8 34. Qxf7 Kc8 35. Qe6+ Kb8 36. d7 a6 37. Qd6+ Ka8 38. Qe7 1-0

[Event "LSS No Engine Cup 150 Preliminary 0"]
[Site "LSS email"]
[Date "2016.03.14"]
[Round "?"]
[White "Smetana, Jan"]
[Black "Schubert, Steffen"]
[Result "1/2-1/2"]
[WhiteElo "1451"]
[BlackElo "2178"]
[PlyCount "45"]
[EventDate "2016.03.15"]
[EventType "tourn (corr)"]
[EventRounds "6"]
[EventCountry "GER"]
[SourceTitle "Corr 2022"]
[Source "ChessBase"]
[SourceDate "2021.10.24"]
[SourceVersion "1"]
[SourceVersionDate "2021.10.24"]
[SourceQuality "1"]

1. c4 e5 2. Nc3 Nf6 3. Nf3 Nc6 4. d3 d5 5. cxd5 Nxd5 6. e4 Nxc3 7. bxc3 Be7 8. Be2 Qd6 9. 0-0 0-0 10. Be3 Qg6 11. Re1 Bh3 12. g3 Rad8 13. Qb3 b6 14. Qb5 Rd6 15. Rab1 Qe6 16. Rb2 Bg4 17. Rd2 Rfd8 18. Red1 Qg6 19. Nxe5 Nxe5 20. Qxe5 Bf6 21. Qf4 Bxe2 22. Rxe2 Qh5 23. g4 1/2-1/2

[Event "RF-2016-0-00282"]
[Site "LSS email"]
[Date "2016.01.23"]
[Round "?"]
[White "Frank, Stanislav"]
[Black "Smetana, Jan"]
[Result "0-1"]
[WhiteElo "800"]
[BlackElo "1432"]
[PlyCount "54"]
[EventDate "2016.01.02"]
[EventType "tourn (corr)"]
[EventRounds "6"]
[EventCountry "GER"]
[SourceTitle "Corr 2022"]
[Source "ChessBase"]
[SourceDate "2021.10.24"]
[SourceVersion "1"]
[SourceVersionDate "2021.10.24"]
[SourceQuality "1"]

1. e4 c6 2. d4 d5 3. e5 Bf5 4. c4 e6 5. Nc3 Ne7 6. f4 dxc4 7. Bxc4 Nd5 8. Nf3 Bb4 9. Bd2 0-0 10. 0-0 Nd7 11. Nxd5 Bxd2 12. Qxd2 cxd5 13. Be2 Qb6 14. Rac1 Rac8 15. h3 Nb8 16. Kh2 h6 17. g4 Be4 18. Kg3 Nc6 19. Rfd1 Nb4 20. a3 Nc2 21. Ne1 Nxd4 22. Rxc8 Nf5+ 23. gxf5 Qg1+ 24. Kh4 Qf2+ 25. Kh5 g6+ 26. fxg6 fxg6+ 27. Kg4 Bf5# 0-1

[Event "RF-2016-0-00282"]
[Site "LSS email"]
[Date "2016.01.23"]
[Round "?"]
[White "Smetana, Jan"]
[Black "Shim Ng Min, Francis"]
[Result "1-0"]
[WhiteElo "1432"]
[BlackElo "1135"]
[PlyCount "33"]
[EventDate "2016.01.02"]
[EventType "tourn (corr)"]
[EventRounds "6"]
[EventCountry "GER"]
[SourceTitle "Corr 2022"]
[Source "ChessBase"]
[SourceDate "2021.10.24"]
[SourceVersion "1"]
[SourceVersionDate "2021.10.24"]
[SourceQuality "1"]

1. c4 Nf6 2. Nc3 c5 3. Nf3 Nc6 4. e4 e5 5. Be2 d6 6. 0-0 Be7 7. a3 0-0 8. Rb1 Nd4 9. d3 Nxe2+ 10. Qxe2 Bg4 11. b4 b6 12. Be3 Qc7 13. h3 Bxf3 14. Qxf3 a5 15. Rb2 axb4 16. axb4 Ra3 17. Nb5 1-0

[Event "RF-2016-0-00282"]
[Site "LSS email"]
[Date "2016.01.23"]
[Round "?"]
[White "Trevis, Robert R"]
[Black "Smetana, Jan"]
[Result "0-1"]
[WhiteElo "1142"]
[BlackElo "1432"]
[PlyCount "78"]
[EventDate "2016.01.02"]
[EventType "tourn (corr)"]
[EventRounds "6"]
[EventCountry "GER"]
[SourceTitle "Corr 2022"]
[Source "ChessBase"]
[SourceDate "2021.10.24"]
[SourceVersion "1"]
[SourceVersionDate "2021.10.24"]
[SourceQuality "1"]

1. e4 c6 2. d4 d5 3. Nc3 dxe4 4. Nxe4 Bf5 5. Ng3 Bg6 6. h4 h6 7. Nf3 Nd7 8. h5 Bh7 9. Bd3 Bxd3 10. Qxd3 Ngf6 11. Bf4 e6 12. 0-0-0 Nd5 13. Be5 Qa5 14. Kb1 0-0-0 15. Ne4 N7f6 16. Nxf6 gxf6 17. Bg3 Rg8 18. Qh7 Nc3+ 19. bxc3 Ba3 20. Nd2 Qxc3 21. Nc4 Qb4+ 22. Ka1 Qxc4 23. Qd3 Qb4 24. Qb3 Rxd4 25. Rxd4 Qxd4+ 26. c3 Qc5 27. Rb1 b6 28. Re1 Rd8 29. f3 Rd2 30. Bf4 Bb2+ 31. Kb1 Rxg2 32. Bxh6 Qf5+ 33. Re4 Qxf3 34. Bd2 Qxe4+ 35. Qc2 Qxc2+ 36. Kxc2 Ba3 37. h6 Rh2 38. Kb3 Rxd2 39. Kxa3 Rh2 0-1

[Event "RF-2016-0-00282"]
[Site "LSS email"]
[Date "2016.01.23"]
[Round "?"]
[White "Venturas, Bob"]
[Black "Smetana, Jan"]
[Result "0-1"]
[WhiteElo "687"]
[BlackElo "1432"]
[PlyCount "28"]
[EventDate "2016.01.02"]
[EventType "tourn (corr)"]
[EventRounds "6"]
[EventCountry "GER"]
[SourceTitle "Corr 2022"]
[Source "ChessBase"]
[SourceDate "2021.10.24"]
[SourceVersion "1"]
[SourceVersionDate "2021.10.24"]
[SourceQuality "1"]

1. e4 c6 2. d4 d5 3. e5 Bf5 4. Nf3 e6 5. a3 Nd7 6. Bd3 Bxd3 7. Qxd3 Ne7 8. Nc3 c5 9. Be3 Nc6 10. 0-0 Be7 11. h3 0-0 12. Nh2 cxd4 13. Bxd4 Ndxe5 14. f4 Nxd3 0-1

[Event "IECC CL0-2016.00 email"]
[Site "IECC email"]
[Date "2016.01.19"]
[Round "?"]
[White "Raines, David T"]
[Black "Smetana, Jan"]
[Result "0-1"]
[WhiteElo "1159"]
[BlackElo "1432"]
[PlyCount "46"]
[EventDate "2015.12.15"]
[EventType "tourn (corr)"]
[EventRounds "4"]
[SourceTitle "Corr 2022"]
[Source "ChessBase"]
[SourceDate "2021.10.24"]
[SourceVersion "1"]
[SourceVersionDate "2021.10.24"]
[SourceQuality "1"]

1. d4 d5 2. Bf4 Nf6 3. Nf3 c6 4. e3 Bg4 5. Nbd2 e6 6. h3 Bh5 7. g4 Bg6 8. Bg2 Bd6 9. Ne5 Bxe5 10. dxe5 Nfd7 11. c4 Na6 12. cxd5 exd5 13. a3 Nac5 14. 0-0 0-0 15. b4 Nd3 16. Bg3 Qb6 17. Kh2 h6 18. Qe2 N3xe5 19. f4 Bd3 20. Qf2 Bxf1 21. Bxf1 Ng6 22. e4 Qxf2+ 23. Bxf2 Nxf4 0-1

[Event "LSS No Engine Cup 124 Preliminary 0"]
[Site "LSS email"]
[Date "2015.01.12"]
[Round "?"]
[White "Kudr, Roman"]
[Black "Smetana, Jan"]
[Result "1-0"]
[WhiteElo "1597"]
[BlackElo "1600"]
[PlyCount "33"]
[EventDate "2015.01.13"]
[EventType "tourn (corr)"]
[EventRounds "6"]
[EventCountry "GER"]
[SourceTitle "Corr 2022"]
[Source "ChessBase"]
[SourceDate "2021.10.24"]
[SourceVersion "1"]
[SourceVersionDate "2021.10.24"]
[SourceQuality "1"]

1. e4 e5 2. Nf3 Nc6 3. Bb5 Nf6 4. 0-0 Be7 5. d4 Nxe4 6. dxe5 0-0 7. Qe2 Nc5 8. Rd1 a6 9. Bxc6 bxc6 10. Nd4 Ne6 11. Nxc6 Qe8 12. Nxe7+ Qxe7 13. Rd3 Bb7 14. Rg3 Nd4 15. Qg4 Qxe5 16. Re3 Qd6 17. Rg3 1-0

[Event "LSS No Engine Cup 124 Preliminary 0"]
[Site "LSS email"]
[Date "2015.01.12"]
[Round "?"]
[White "Smetana, Jan"]
[Black "Kelemen, Gyoergy"]
[Result "0-1"]
[WhiteElo "1600"]
[BlackElo "2104"]
[PlyCount "30"]
[EventDate "2015.01.13"]
[EventType "tourn (corr)"]
[EventRounds "6"]
[EventCountry "GER"]
[SourceTitle "Corr 2022"]
[Source "ChessBase"]
[SourceDate "2021.10.24"]
[SourceVersion "1"]
[SourceVersionDate "2021.10.24"]
[SourceQuality "1"]

1. c4 e5 2. Nc3 Nf6 3. g3 d5 4. cxd5 Nxd5 5. Bg2 Nb6 6. Nf3 Nc6 7. 0-0 Be7 8. d3 0-0 9. a3 Be6 10. b4 f5 11. Bb2 Qd6 12. e4 Rad8 13. exf5 Bxf5 14. Re1 Bf6 15. Bf1 Bg4 0-1

[Event "LSS No Engine Cup 123 Preliminary 4"]
[Site "LSS email"]
[Date "2015.01.01"]
[Round "?"]
[White "Jenneborg, Seved"]
[Black "Smetana, Jan"]
[Result "1-0"]
[WhiteElo "1664"]
[BlackElo "1101"]
[PlyCount "61"]
[EventDate "2015.01.02"]
[EventType "tourn (corr)"]
[EventRounds "6"]
[EventCountry "GER"]
[SourceTitle "Corr 2015"]
[Source "ChessBase"]
[SourceDate "2015.07.17"]
[SourceVersion "1"]
[SourceVersionDate "2015.07.17"]
[SourceQuality "1"]

1. d4 Nf6 2. c4 g6 3. Nf3 Bg7 4. g3 c6 5. Nc3 d5 6. Qb3 dxc4 7. Qxc4 Be6 8. Qb4 Qb6 9. Qxb6 axb6 10. e4 Nbd7 11. Bg2 Bc4 12. Nd2 Bd3 13. e5 Ng4 14. h3 Nh6 15. g4 0-0 16. f4 b5 17. b4 Nb6 18. Nb3 Rfd8 19. Bb2 Nc4 20. 0-0-0 Nxb2 21. Kxb2 Bc4 22. Na5 Rab8 23. a4 Rd7 24. Rhe1 e6 25. axb5 cxb5 26. Nxc4 bxc4 27. Nb5 Bf8 28. Kc3 Rc8 29. f5 Kh8 30. f6 Ng8 31. d5 1-0

[Event "LSS No Engine Cup 123 Preliminary 4"]
[Site "LSS email"]
[Date "2015.01.01"]
[Round "?"]
[White "Smetana, Jan"]
[Black "Lenz, Juergen"]
[Result "1-0"]
[WhiteElo "1101"]
[BlackElo "905"]
[PlyCount "55"]
[EventDate "2015.01.02"]
[EventType "tourn (corr)"]
[EventRounds "6"]
[EventCountry "GER"]
[SourceTitle "Corr 2015"]
[Source "ChessBase"]
[SourceDate "2015.07.17"]
[SourceVersion "1"]
[SourceVersionDate "2015.07.17"]
[SourceQuality "1"]

1. c4 e5 2. Nc3 Nc6 3. g3 g6 4. Bg2 Bg7 5. Nf3 Nge7 6. 0-0 d6 7. e3 0-0 8. d4 exd4 9. Nxd4 Bd7 10. Nde2 Be6 11. b3 Qd7 12. Bb2 Bh3 13. Qd2 Bxg2 14. Kxg2 h5 15. Ne4 f6 16. Nf4 Kh7 17. Nc5 Qc8 18. Nce6 Rf7 19. c5 dxc5 20. Nxc5 Nf5 21. Rfd1 Nh6 22. Qd3 f5 23. Bxg7 Rxg7 24. Nce6 Re7 25. Ng5+ Kg7 26. Qc3+ Ne5 27. Nd3 Qe8 28. Nxe5 1-0

[Event "RN-2014-0-00891"]
[Site "LSS email"]
[Date "2014.12.15"]
[Round "?"]
[White "Vontina, Maria"]
[Black "Smetana, Jan"]
[Result "0-1"]
[WhiteElo "784"]
[BlackElo "800"]
[PlyCount "56"]
[EventDate "2014.12.04"]
[EventType "tourn (corr)"]
[EventRounds "6"]
[EventCountry "GER"]
[SourceTitle "Corr 2022"]
[Source "ChessBase"]
[SourceDate "2021.10.24"]
[SourceVersion "1"]
[SourceVersionDate "2021.10.24"]
[SourceQuality "1"]

1. e4 e5 2. Nf3 Nf6 3. Nxe5 d6 4. Nf3 Nxe4 5. d4 d5 6. Bd3 Bd6 7. 0-0 0-0 8. Re1 Bf5 9. c4 c6 10. Nc3 Nxc3 11. bxc3 Bxd3 12. Qxd3 dxc4 13. Qxc4 Nd7 14. Qd3 Qc7 15. h3 Rfe8 16. Be3 h6 17. Nd2 Nf6 18. Nc4 Bh2+ 19. Kh1 b5 20. Nd2 Bd6 21. Qf5 Nd5 22. Qd3 Rab8 23. Nf3 Qa5 24. Rec1 Qa3 25. Nd2 Bc7 26. Nb3 Qd6 27. g3 Rxe3 28. fxe3 Qxg3 0-1

[Event "OP-2014-0-03565"]
[Site "LSS email"]
[Date "2014.11.25"]
[Round "?"]
[White "Sandocal, Uzmir"]
[Black "Smetana, Jan"]
[Result "1-0"]
[WhiteElo "1794"]
[BlackElo "800"]
[PlyCount "43"]
[EventDate "2014.11.19"]
[EventType "tourn (corr)"]
[EventRounds "4"]
[EventCountry "GER"]
[SourceTitle "Corr 2022"]
[Source "ChessBase"]
[SourceDate "2021.10.24"]
[SourceVersion "1"]
[SourceVersionDate "2021.10.24"]
[SourceQuality "1"]

1. b3 d5 2. Nf3 Nf6 3. e3 Bf5 4. Ba3 Nbd7 5. Be2 e6 6. Bxf8 Nxf8 7. c4 N8d7 8. 0-0 0-0 9. Nc3 dxc4 10. bxc4 c5 11. d3 b6 12. h3 h6 13. Qb3 e5 14. Rfd1 Qe7 15. Nd2 a6 16. a4 Rfb8 17. a5 Qf8 18. axb6 Rxb6 19. Qc2 Rab8 20. Ra2 Be6 21. Rda1 Qd6 22. Bf3 1-0

[Event "ZN-2014-0-02845"]
[Site "LSS email"]
[Date "2014.10.30"]
[Round "?"]
[White "Smetana, Jan"]
[Black "Hendershot, Paul"]
[Result "1-0"]
[WhiteElo "1069"]
[BlackElo "575"]
[PlyCount "53"]
[EventDate "2014.10.24"]
[EventType "match (corr)"]
[EventRounds "2"]
[EventCountry "GER"]
[SourceTitle "Corr 2015"]
[Source "ChessBase"]
[SourceDate "2015.07.17"]
[SourceVersion "1"]
[SourceVersionDate "2015.07.17"]
[SourceQuality "1"]

1. c4 e5 2. Nc3 d6 3. g3 Be6 4. b3 Nf6 5. Bg2 c6 6. Nf3 Qb6 7. 0-0 Ng4 8. h3 Nh6 9. d4 Be7 10. dxe5 dxe5 11. Bxh6 gxh6 12. Qc1 Nd7 13. Qxh6 0-0-0 14. Rad1 Rdg8 15. Ne4 Rg6 16. Qh5 Qb4 17. Nxe5 Rgg8 18. Nxf7 Bxf7 19. Qxf7 Ne5 20. Qe6+ Nd7 21. Rxd7 Rg6 22. Qxe7 Qxe7 23. Rxe7 a6 24. Rd1 Rd8 25. Rxd8+ Kxd8 26. Rxh7 Re6 27. Rxb7 1-0